00370 a2200097 4500001001000000005001700010008004100027245012700068100002600195773005100221ART_1842420260410161702.0260409a 10aLa aplicación de la nueva ley penal tributaria en el tiempo. Ley penal más benigna y períodos fiscales involucrados.1 aLudueña, Gabriel E.0 tRevista Impuestosg- Nº 4 (abr. 2012)wREV639